000 00292nam a22001337a 4500
008 170306b xxu||||| |||| 00| 0 eng d
020 _a9780976023654
041 _aeng
080 _a575
100 _a6
101 _aSHM
245 _aTHE SCIENCE ON EVOLUTION
_cSKYBREAK, A
942 _2udc
_cBK
999 _c6812
_d6812